书目信息 |
| 题名: |
城市公共地下空间色彩应用研究
|
|
| 作者: | 马金祥 著 | |
| 分册: | ||
| 出版信息: | 长春 吉林人民出版社 2014 |
|
| 页数: | 182页 | |
| 开本: | 24cm | |
| 丛书名: | ||
| 单 册: | ||
| 中图分类: | TU115 | |
| 科图分类: | ||
| 主题词: | 城市空间--地下建筑物--建筑色彩--研究 | |
| 电子资源: | ||
| ISBN: | 978-7-206-10698-9 | |
| 000 | 00887nam0 2200229 450 | |
| 001 | 395 | |
| 005 | 20160906085802.89 | |
| 010 | @a978-7-206-10698-9@dCNY36.00 | |
| 100 | @a20150307d2014 em y0chiy50 ea | |
| 101 | 0 | @achi |
| 102 | @aCN@b220000 | |
| 105 | @aa z 000yy | |
| 200 | 1 | @a城市公共地下空间色彩应用研究@9cheng shi gong gong di xia kong jian se cai ying yong yan jiu@f马金祥[等]著 |
| 210 | @a长春@c吉林人民出版社@d2014 | |
| 215 | @a182页@c图,照片@d24cm | |
| 304 | @a著者还有:陈卓、王楚鑫、李春阳 | |
| 330 | @a本书内容包括:城市与公共空间环境设计相关调研分析、地下空间中地铁公共空间色彩计划的理论背景、基于城市公共地下空间的对象地环境、构筑综合性环境空间的研究(过程)结果等。 | |
| 606 | 0 | @a城市空间@x地下建筑物@x建筑色彩@x研究 |
| 690 | @aTU115@v5 | |
| 701 | 0 | @a马金祥@9ma jin xiang@f(1974~)@4著 |
| 801 | 0 | @aCN@b唐山师范学院图书馆@c20160722 |
| 905 | @aZUCC@dTU115@e719 | |
| 城市公共地下空间色彩应用研究/马金祥[等]著.-长春:吉林人民出版社,2014 |
| 182页:图,照片;24cm |
| ISBN 978-7-206-10698-9:CNY36.00 |
| 本书内容包括:城市与公共空间环境设计相关调研分析、地下空间中地铁公共空间色彩计划的理论背景、基于城市公共地下空间的对象地环境、构筑综合性环境空间的研究(过程)结果等。 |
| ● |
| 相关链接 |
|
|
|
|
正题名:城市公共地下空间色彩应用研究
索取号:TU115/719
 
预约/预借
| 序号 | 登录号 | 条形码 | 馆藏地/架位号 | 状态 | 备注 |
| 1 | 901664 | 209016642 | 第二样本阅览室/ [索取号:TU115/719] | 在馆 | |
| 2 | 901665 | 209016651 | 第三借阅区/ [索取号:TU115/719] | 在馆 | |
| 3 | 901666 | 209016660 | 第三借阅区/ [索取号:TU115/719] | 在馆 |